[Event "OHS 2017"]
[Site "?"]
[Date "2017.02.06"]
[Round "2.15"]
[White "Nioduschewski, Nils"]
[Black "Säglitz, Patrick"]
[Result "0-1"]
[WhiteElo "1301"]
[BlackElo "1622"]
[PlyCount "74"]
[EventDate "2017.??.??"]
[WhiteTeam "SV Unser Fritz Wanne-E"]
[BlackTeam "SC Gerthe 46 - Werne"]

1. c4 Nf6 2. Nc3 g6 3. e3 Bg7 4. Nf3 O-O 5. Be2 d6 6. O-O e5 7. d4 Nbd7 8. b3
Re8 9. Bb2 a5 10. Re1 c6 11. Rb1 Kh8 12. d5 e4 13. dxc6 bxc6 14. Ng5 Qe7 15.
Nh3 Nb6 16. Nf4 g5 17. Nh5 Nxh5 18. Bxh5 Rd8 19. f3 d5 20. cxd5 cxd5 21. Ne2
Bxb2 22. Rxb2 exf3 23. Bxf3 Qxe3+ 24. Kh1 Re8 25. Rb1 g4 26. Bxd5 Rd8 27. Ng3
Qc5 28. Nf5 Bxf5 29. Bxa8 Rxd1 30. Rbxd1 Nxa8 31. Rd8+ Kg7 32. Rxa8 Be4 33. Re8
f5 34. Rd1 Qc6 35. Red8 Bxg2+ 36. Kg1 Qf3 37. R8d2 Bh3 0-1

[Event "OHS 2017"]
[Site "?"]
[Date "2017.02.06"]
[Round "2.17"]
[White "Jordan, Klaus-Dieter"]
[Black "Deutschmann, Jürgen"]
[Result "0-1"]
[WhiteElo "1128"]
[BlackElo "1462"]
[PlyCount "55"]
[EventDate "2017.??.??"]
[WhiteTeam "vereinslos"]
[BlackTeam "SV Hattingen e.V."]

1. d4 Nf6 2. c4 g6 3. Nc3 d5 4. cxd5 Nxd5 5. e4 Nxc3 6. bxc3 Bg7 7. Ne2 O-O 8.
g3 c5 9. Bg2 cxd4 10. cxd4 Nc6 11. Be3 Qa5+ 12. Kf1 Rd8 13. d5 Bxa1 14. Qxa1
Nb4 15. Bh6 f6 16. e5 Qxa2 17. Qc3 Qb1+ 18. Nc1 Na2 19. Qc5 Qb4 20. Qe3 Qc4+
21. Ne2 Nc3 22. Bf3 Bh3+ 23. Ke1 Nxe2 24. Bxe2 Qxd5 25. f3 Qa5+ 26. Kf2 Qb6 27.
Rb1 (27. Rd1 Qxe3+ 28. Kxe3 Rxd1 29. Bxd1 Be6 30. f4 Rd8 31. Bf3 b5) 27...
Qxe3+ 28. Kxe3 0-1

[Event "OHS 2017"]
[Site "?"]
[Date "2017.02.14"]
[Round "3.1"]
[White "Scheibe, Werner"]
[Black "Kolakovic, Klaudio"]
[Result "0-1"]
[WhiteElo "1850"]
[BlackElo "1983"]
[PlyCount "110"]
[EventDate "2017.??.??"]
[WhiteTeam "SK Sodingen/Castrop 24/23 e.V."]
[BlackTeam "Südlohner SV 1956 e.V."]

1. e4 d6 2. d4 g6 3. Nc3 Bg7 4. Be3 Nf6 5. f3 Nfd7 6. Bc4 e5 7. Nge2 Nc6 8. a3
Nb6 9. Ba2 Bd7 10. d5 Ne7 11. g4 f5 12. gxf5 gxf5 13. Bg5 O-O 14. Ng3 f4 15.
Nh5 Qe8 16. Nxg7 Kxg7 17. Qe2 h6 18. Bh4 Ng6 19. Rg1 Kh7 20. Bf2 Bh3 21. O-O-O
a6 22. Rde1 Qe7 23. Nd1 Rf7 24. Kb1 Nd7 25. c4 Rg7 26. Nc3 Rag8 27. Bb3 Nh4 28.
Ba4 Nf8 29. Bd1 Ng2 30. Ref1 Qf7 31. c5 Ng6 32. Na4 Ne3 33. Bxe3 Bxf1 34. Rxf1
fxe3 35. Qxe3 Nf4 36. cxd6 cxd6 37. Ka2 b5 38. Nc3 Qa7 39. Qxa7 Rxa7 40. Ne2
Nxe2 41. Bxe2 Rg2 42. Bd3 Rd2 43. Bb1 Rxh2 44. f4 Rf7 45. fxe5 Rxf1 46. exd6
Rf8 47. e5+ Kg7 48. e6 Kf6 49. e7 Re8 50. Bf5 Rxe7 51. dxe7 Kxe7 52. Bc8 a5 53.
Kb3 Kd6 54. Be6 Rd2 55. Kc3 Rxd5 0-1

[Event "OHS 2017"]
[Site "?"]
[Date "2017.02.14"]
[Round "3.2"]
[White "Ewers, Christian"]
[Black "Eckert, Marius"]
[Result "0-1"]
[WhiteElo "1721"]
[BlackElo "1944"]
[PlyCount "28"]
[EventDate "2017.??.??"]
[WhiteTeam "SG Mengede 1922"]
[BlackTeam "SV Waltrop 1922 e.V."]

1. e4 e5 2. Nc3 Nf6 3. Bc4 Bc5 4. d3 h6 5. h3 Nc6 6. Nge2 Na5 7. O-O Nxc4 8.
dxc4 d6 9. Qd3 O-O 10. Be3 Bxe3 11. Qxe3 Nh5 12. g4 Nf6 13. Nd5 Nxd5 14. cxd5
h5 0-1

[Event "OHS 2017"]
[Site "?"]
[Date "2017.02.14"]
[Round "3.3"]
[White "Hahn, Matthias"]
[Black "Sondermann, Dirk"]
[Result "1-0"]
[WhiteElo "2050"]
[BlackElo "1768"]
[PlyCount "69"]
[EventDate "2017.??.??"]
[WhiteTeam "SV Bochum-Linden-Dahlh"]
[BlackTeam "Sport Union Annen e.V."]

1. d4 Nf6 2. c4 e6 3. Nc3 Bb4 4. Qc2 O-O 5. Nf3 d5 6. cxd5 exd5 7. Bg5 c6 8. e3
Nbd7 9. Bd3 h6 10. Bh4 Re8 11. O-O Be7 12. Bg3 Nf8 13. h3 Bd6 14. Ne5 Bxe5 15.
Bxe5 N8d7 16. Bh2 Qe7 17. Rae1 Nf8 18. f3 Ne6 19. Qf2 Bd7 20. Bb1 Qb4 21. Be5
Qe7 22. e4 Rad8 23. Bh2 Bc8 24. Rd1 dxe4 25. fxe4 Ng5 26. e5 Nd5 27. Nxd5 Rxd5
28. Bf4 Red8 29. Be3 c5 30. Bc2 cxd4 31. Bxd4 Ne6 32. Bc3 Rxd1 33. Bxd1 Qc5 34.
Bb3 Qxf2+ 35. Rxf2 1-0

[Event "OHS 2017"]
[Site "?"]
[Date "2017.02.14"]
[Round "3.4"]
[White "Schmidt, Ralph"]
[Black "Wübker, Paul-Luca"]
[Result "1-0"]
[WhiteElo "1946"]
[BlackElo "1792"]
[PlyCount "61"]
[EventDate "2017.??.??"]
[WhiteTeam "SV Bochum-Linden-Dahlh"]
[BlackTeam "SG Bochum 1931"]

1. e4 c5 2. Nc3 d6 3. d3 g6 4. Be3 Bg7 5. d4 b6 6. dxc5 bxc5 7. Qd5 Qb6 8. Qxa8
Qxb2 9. Nd5 Qxa1+ 10. Kd2 Nf6 11. Bb5+ Kd8 12. Qxb8 Nxd5 13. exd5 Bc3+ 14. Ke2
Qe1+ 15. Kf3 Qd1+ 16. Ne2 Qxd5+ 17. Kg3 Qe5+ 18. Bf4 Qe6 19. f3 g5 20. Bc1 Be5+
21. Kf2 Qxa2 22. Rd1 f6 23. c4 Bd4+ 24. Kf1 Qb3 25. Rd2 g4 26. Nxd4 cxd4 27.
Rxd4 Qb4 28. Qxa7 e5 29. Rd1 gxf3 30. Ba3 fxg2+ 31. Kg1 1-0

[Event "OHS 2017"]
[Site "?"]
[Date "2017.02.14"]
[Round "3.5"]
[White "Melmer, Felix"]
[Black "Müller-Kreth, Kai"]
[Result "0-1"]
[WhiteElo "1908"]
[BlackElo "1774"]
[PlyCount "66"]
[EventDate "2017.??.??"]
[WhiteTeam "SC Gerthe 46 - Werne"]
[BlackTeam "SK Sodingen/Castrop 24/23 e.V."]

1. f4 d5 2. Nf3 Nf6 3. e3 g6 4. d4 Bg7 5. Bd3 Ne4 6. c4 c6 7. Nc3 f5 8. Bd2 Be6
9. c5 Nd7 10. O-O h6 11. Qb3 Nxd2 12. Nxd2 Qc7 13. Qc2 Nf6 14. b4 O-O 15. a4
Ng4 16. Nb3 Bf7 17. Qe2 e6 18. b5 g5 19. a5 Bh5 20. a6 b6 21. cxb6 axb6 22.
bxc6 Qxc6 23. Rfc1 Qe8 24. Qd2 gxf4 25. exf4 Qe7 26. Nb5 Rfc8 27. Rxc8+ Rxc8
28. a7 Ra8 29. Rc1 Rxa7 30. Rc8+ Kh7 31. Nxa7 Qxa7 32. Qc2 Bxd4+ 33. Kf1 Ne3+
0-1

[Event "OHS 2017"]
[Site "?"]
[Date "2017.02.14"]
[Round "3.6"]
[White "Kiese, Matthias"]
[Black "Klüting, Reiner"]
[Result "1-0"]
[WhiteElo "2175"]
[BlackElo "1869"]
[PlyCount "57"]
[EventDate "2017.??.??"]
[WhiteTeam "Bochumer SV 02"]
[BlackTeam "SV Wattenscheid 1930 e"]

1. d4 f5 2. g3 e6 3. Bg2 Nf6 4. Nf3 d5 5. O-O Bd6 6. c4 c6 7. b3 Qe7 8. Bb2 b6
9. Qc1 O-O 10. Ba3 Ne4 11. Bxd6 Qxd6 12. Qa3 Na6 13. Qxd6 Nxd6 14. Ne5 Bb7 15.
Nd2 Rac8 16. Rac1 c5 17. cxd5 Bxd5 18. Nd7 Bxg2 19. Kxg2 Rfd8 20. dxc5 bxc5 21.
Ne5 Nf7 22. Nef3 Nb4 23. a3 Na6 24. Rc4 Ne5 25. Ra4 Nxf3 26. Nxf3 Rd6 27. Rc1
Rb8 28. Ne5 Rb7 29. Nc4 1-0

[Event "OHS 2017"]
[Site "?"]
[Date "2017.02.14"]
[Round "3.7"]
[White "Säglitz, Patrick"]
[Black "Nowok, Frank"]
[Result "0-1"]
[WhiteElo "1622"]
[BlackElo "1902"]
[PlyCount "36"]
[EventDate "2017.??.??"]
[WhiteTeam "SC Gerthe 46 - Werne"]
[BlackTeam "Hervest-Dorstener SK 195"]

1. d4 Nf6 2. c4 g6 3. Nc3 d5 4. Bg5 Ne4 5. Bh4 c6 6. e3 Bg7 7. Bd3 Nxc3 8. bxc3
O-O 9. Qb3 Qc7 10. Ne2 e6 11. O-O Nd7 12. f3 Bh6 13. e4 dxe4 14. fxe4 c5 15. e5
b6 16. Be7 Nxe5 17. Be4 Ng4 18. Bxf8 Qxh2# 0-1

[Event "OHS 2017"]
[Site "?"]
[Date "2017.02.14"]
[Round "3.8"]
[White "Funke, Eckhard"]
[Black "Ponto, Michael"]
[Result "1/2-1/2"]
[WhiteElo "1819"]
[BlackElo "1665"]
[PlyCount "54"]
[EventDate "2017.??.??"]
[WhiteTeam "SV Günnigfeld 1922 e.V"]
[BlackTeam "SV Unser Fritz Wanne-E"]

1. d4 d5 2. Nf3 Nf6 3. e3 c6 4. c3 Bf5 5. Nbd2 h6 6. a3 e6 7. c4 Bd6 8. Qb3 Qc8
9. Bd3 Bxd3 10. Qxd3 O-O 11. O-O Nbd7 12. b4 Re8 13. Bb2 Qb8 14. h3 e5 15. dxe5
Nxe5 16. Qc2 dxc4 17. Nxe5 Bxe5 18. Nxc4 Bxb2 19. Qxb2 Qc7 20. Rfd1 Rad8 21.
Qc2 Rxd1+ 22. Rxd1 Rd8 23. Rxd8+ Qxd8 24. Qf5 b6 25. Ne5 Qd1+ 26. Kh2 Qd6 27.
g3 c5 1/2-1/2

[Event "OHS 2017"]
[Site "?"]
[Date "2017.02.14"]
[Round "3.9"]
[White "Gregoritsch, Dirk"]
[Black "Engelmann, Chris"]
[Result "1/2-1/2"]
[WhiteElo "1775"]
[BlackElo "1603"]
[PlyCount "50"]
[EventDate "2017.??.??"]
[WhiteTeam "SC Doppelbauer Brambauer"]
[BlackTeam "SV Unser Fritz Wanne-E"]

1. Nf3 d5 2. g3 c6 3. Bg2 Nf6 4. O-O e6 5. d4 Be7 6. c4 O-O 7. Nc3 Nbd7 8. cxd5
exd5 9. a4 h6 10. Qc2 Nh7 11. e3 g5 12. Ne5 Nxe5 13. dxe5 h5 14. Rd1 Be6 15. e4
d4 16. a5 c5 17. Nd5 h4 18. f4 gxf4 19. Bxf4 hxg3 20. hxg3 Rc8 21. Qe2 f6 22.
Qh5 Bf7 23. Qh6 Rc6 24. Nxe7+ Qxe7 25. Qh4 Qe8 1/2-1/2

[Event "OHS 2017"]
[Site "?"]
[Date "2017.02.14"]
[Round "3.10"]
[White "Zygan, Michael"]
[Black "Deutschmann, Jürgen"]
[Result "1-0"]
[WhiteElo "1768"]
[BlackElo "1462"]
[PlyCount "89"]
[EventDate "2017.??.??"]
[WhiteTeam "SK Sodingen/Castrop 24/23 e.V."]
[BlackTeam "SV Hattingen e.V."]

1. d4 Nf6 2. c4 g6 3. Nc3 d5 4. cxd5 Nxd5 5. e4 Nxc3 6. bxc3 Bg7 7. Nf3 c5 8.
Rb1 Nc6 9. d5 Ne5 10. Nxe5 Bxe5 11. Qd2 O-O 12. f4 Bg7 13. Bc4 a6 14. O-O b5
15. Bb3 c4 16. Bd1 Qa5 17. Rb4 Qb6+ 18. Kh1 Rd8 19. a4 e6 20. axb5 axb5 21. Bf3
Bb7 22. Qb2 Ba6 23. Rxc4 exd5 24. exd5 Rd6 25. Rb4 Qc5 26. Bd2 Rc8 27. Rc1 Qf2
28. Qc2 Re8 29. Qd3 Rd7 30. Rf1 Qc5 31. Re1 Rxe1+ 32. Bxe1 Bf8 33. Qd4 Qc7 34.
Rb1 Bc5 35. Qf6 Be7 36. Qxa6 Qc4 37. Qxb5 Qxb5 38. Rxb5 Ra7 39. Rb1 Bd6 40. g3
h5 41. Bf2 Ra2 42. Bd4 h4 43. Re1 Kf8 44. Re2 Ra3 45. Kg2 1-0

[Event "OHS 2017"]
[Site "?"]
[Date "2017.02.14"]
[Round "3.12"]
[White "Barth, Hans-Joachim"]
[Black "Heinz, Hans-Werner"]
[Result "1-0"]
[WhiteElo "1702"]
[BlackElo "1193"]
[PlyCount "97"]
[EventDate "2017.??.??"]
[WhiteTeam "SG Höntrop 1947"]
[BlackTeam "SV Unser Fritz Wanne-E"]

1. e4 c5 2. Nc3 e6 3. f4 d6 4. Nf3 h6 5. Bb5+ Bd7 6. Bxd7+ Qxd7 7. O-O a6 8. f5
exf5 9. Nd5 Qc6 10. Qe2 Be7 11. d4 Nd7 12. c4 O-O-O 13. Bd2 Re8 14. exf5 Ndf6
15. Nc3 d5 16. cxd5 Nxd5 17. Ne5 Nxc3 18. Bxc3 Bf6 19. Kh1 Bxe5 20. dxe5 Kb8
21. Qc4 f6 22. e6 Ne7 23. Rad1 Rd8 24. b4 b5 25. Qxc5 Qxc5 26. bxc5 Nd5 27. Ba5
Nc7 28. Rd6 Rc8 29. Rfd1 Rhe8 30. Rb6+ Ka7 31. Rd7 Red8 32. Rbd6 Rxd7 33. Rxd7
Kb8 34. g4 Ne8 35. Bb6 a5 36. Bxa5 Rxc5 37. Rd8+ Kb7 38. Rxe8 Rc1+ 39. Kg2 Rc2+
40. Kg3 Rxa2 41. Bb4 Rb2 42. Bd6 Rb3+ 43. Kh4 g5+ 44. fxg6 Kc6 45. Rd8 Re3 46.
e7 Re4 47. e8=Q+ Rxe8 48. Rxe8 Kxd6 49. g7 1-0

[Event "OHS 2017"]
[Site "?"]
[Date "2017.02.14"]
[Round "3.13"]
[White "Bott, Michael"]
[Black "Boxberg, Marc"]
[Result "0-1"]
[WhiteElo "1361"]
[BlackElo "1604"]
[PlyCount "116"]
[EventDate "2017.??.??"]
[WhiteTeam "SV Zeppelin Herne e.V."]
[BlackTeam "SVigung Marten-Bövingh"]

1. c4 Nf6 2. g3 g6 3. Bg2 Bg7 4. Nc3 O-O 5. d3 d6 6. e4 e5 7. Bg5 Nbd7 8. Qd2
Re8 9. Bh6 Bh8 10. Bg5 c6 11. Nge2 Nf8 12. h4 h5 13. O-O N8h7 14. Bxf6 Nxf6 15.
f4 Ng4 16. Nd1 Qb6+ 17. Kh1 Rf8 18. f5 Bg7 19. Bh3 Bh6 20. Qe1 Nf6 21. Qf2 Qxf2
22. Rxf2 g5 23. hxg5 Bxg5 24. Ndc3 Bd7 25. Rg2 Kh7 26. Ng1 Rg8 27. Nf3 Bh6 28.
Rag1 Rg7 29. Kh2 Rag8 30. Ne2 Be3 31. Re1 Ng4+ 32. Bxg4 hxg4 33. Nh4 Rh8 34.
Nc3 Bg5 35. Kh1 Kg8 36. Rh2 Rgh7 37. Ree2 Bxh4 38. gxh4 g3 39. Rh3 Rxh4 40.
Rxh4 Rxh4+ 41. Kg2 Rh2+ 42. Kf3 g2 43. Rxg2+ Rxg2 44. Kxg2 Kg7 45. Kg3 Kh6 46.
Kg4 f6 47. Ne2 Be8 48. Ng3 a6 49. a4 b5 50. cxb5 cxb5 51. axb5 axb5 52. b4 Bf7
53. Ne2 Bh5+ 54. Kg3 Bxe2 55. Kf2 Bxd3 56. Ke3 Bb1 57. Kf3 Kg5 58. Ke3 Kg4 0-1

[Event "OHS 2017"]
[Site "?"]
[Date "2017.02.14"]
[Round "3.14"]
[White "Krolik, Wilfried"]
[Black "Boost, Jürgen"]
[Result "0-1"]
[WhiteElo "1557"]
[BlackElo "1827"]
[PlyCount "74"]
[EventDate "2017.??.??"]
[WhiteTeam "SV Waltrop 1922 e.V."]
[BlackTeam "SC Gerthe 46 - Werne"]

1. e4 e5 2. Nf3 Nc6 3. Bc4 Bc5 4. c3 Qe7 5. O-O d6 6. d4 Bb6 7. d5 Nb8 8. Bg5
Nf6 9. Nbd2 h6 10. Bh4 a6 11. h3 Nbd7 12. b4 Nf8 13. a4 Ng6 14. Bxf6 Qxf6 15.
a5 Ba7 16. b5 O-O 17. bxa6 bxa6 18. Rb1 Nf4 19. Nh2 Qg6 20. g4 Nxh3+ 21. Kg2
Nf4+ 22. Kh1 h5 23. Be2 Nxe2 24. Qxe2 Bxg4 25. Qc4 Qg5 26. Ndf3 Bxf3+ 27. Nxf3
Qf4 28. Qe2 Rab8 29. Rbc1 f5 30. exf5 Rxf5 31. Nh2 Rb5 32. Qa2 Bxf2 33. Qe2 Rb2
34. Rc2 Rxc2 35. Qxc2 e4 36. c4 e3 37. Rb1 Rg5 0-1

[Event "OHS 2017"]
[Site "?"]
[Date "2017.02.14"]
[Round "3.15"]
[White "Neumann, Frank"]
[Black "Gausmann, Thomas"]
[Result "1-0"]
[WhiteElo "1268"]
[BlackElo "1443"]
[PlyCount "69"]
[EventDate "2017.??.??"]
[WhiteTeam "SV Waltrop 1922 e.V."]
[BlackTeam "SG Bochum 1931"]

1. e4 e5 2. Nf3 Nc6 3. Bb5 a6 4. Ba4 Nf6 5. O-O b5 6. Bb3 Bc5 7. c3 d6 8. h3
O-O 9. d4 Bb6 10. Bg5 h6 11. Bh4 Nb8 12. dxe5 dxe5 13. Nxe5 Qxd1 14. Rxd1 g5
15. Bg3 Nxe4 16. Bd5 Nxg3 17. Bxa8 Ne2+ 18. Kf1 Nf4 19. Bf3 Bf5 20. Ng4 Kg7 21.
Nd2 Re8 22. Re1 Rxe1+ 23. Rxe1 Nd7 24. Ne4 Nd3 25. Re2 Nc1 26. Rd2 Nxa2 27. Ne3
Be6 28. Bg4 Bxe3 29. fxe3 Bc4+ 30. Kf2 Ne5 31. Nc5 b4 32. b3 Bxb3 33. Nxb3 Nxc3
34. Rd4 Nc6 35. Rc4 1-0

[Event "OHS 2017"]
[Site "?"]
[Date "2017.02.14"]
[Round "3.16"]
[White "Böcker, Marcus"]
[Black "Kümmel, Hans-Jürgen"]
[Result "1/2-1/2"]
[WhiteElo "1212"]
[BlackElo "1324"]
[PlyCount "38"]
[EventDate "2017.??.??"]
[WhiteTeam "SV Hattingen e.V."]
[BlackTeam "SV Günnigfeld 1922 e.V"]

1. e4 e5 2. f4 d5 3. exd5 Qxd5 4. c4 Qa5 5. Nc3 Be6 6. Qa4+ Qxa4 7. Nxa4 exf4
8. d4 Bb4+ 9. Nc3 c6 10. Bxf4 Nf6 11. O-O-O Bxc3 12. bxc3 Ng4 13. Bg3 Ne3 14.
Re1 Nxf1 15. d5 Nxg3 16. hxg3 O-O 17. dxe6 fxe6 18. Nf3 Nd7 19. Ng5 Nf6 1/2-1/2

[Event "OHS 2017"]
[Site "?"]
[Date "2017.02.14"]
[Round "3.17"]
[White "Wenzel, Jakoba"]
[Black "Nioduschewski, Nils"]
[Result "0-1"]
[WhiteElo "1313"]
[BlackElo "1301"]
[PlyCount "57"]
[EventDate "2017.??.??"]
[WhiteTeam "SV Unna 1924"]
[BlackTeam "SV Unser Fritz Wanne-E"]

1. d4 Nf6 2. c4 e6 3. Nc3 d5 4. Bg5 Be7 5. e3 O-O 6. Bd3 b6 7. Nf3 Nbd7 8. Ne5
dxc4 9. Nc6 Qe8 10. Nxe7+ Qxe7 11. Be4 Rb8 12. Qf3 h6 13. h4 hxg5 14. hxg5 g6
15. O-O-O Nh7 16. Rxh7 Kxh7 17. Qh5+ Kg8 18. Qh6 f5 19. Rh1 Qg7 20. Nd5 Qxh6
21. Ne7+ Kf7 22. gxh6 Kxe7 23. h7 Rh8 24. Bc6 Bb7 25. Bb5 Nf6 26. Rh6 Kf7 27.
Bxc4 Rxh7 28. Bxe6+ Kxe6 29. Rxg6 0-1

[Event "OHS 2017"]
[Site "?"]
[Date "2017.02.20"]
[Round "4.1"]
[White "Kolakovic, Klaudio"]
[Black "Eckert, Marius"]
[Result "1-0"]
[WhiteElo "1983"]
[BlackElo "1944"]
[PlyCount "79"]
[EventDate "2017.??.??"]
[WhiteTeam "Südlohner SV 1956 e.V."]
[BlackTeam "SV Waltrop 1922 e.V."]

1. e4 e5 2. Nf3 Nc6 3. Bb5 a6 4. Bxc6 dxc6 5. d3 Bd6 6. Nbd2 Be6 7. Nf1 f6 8.
Ne3 Qd7 9. Qe2 Ne7 10. Bd2 Ng6 11. g3 Bc5 12. h4 Rf8 13. h5 Ne7 14. b3 a5 15.
a4 f5 16. Rd1 Bxe3 17. Qxe3 fxe4 18. dxe4 Rxf3 19. Qxf3 Bg4 20. Qd3 Bxd1 21.
Qxd7+ Kxd7 22. Kxd1 Ng8 23. Ke2 Nf6 24. f3 Ke6 25. h6 g6 26. Rd1 b6 27. Bg5 Ne8
28. Rd8 Rxd8 29. Bxd8 Kd7 30. Bg5 Nd6 31. Bf6 Nf7 32. Ke3 Ke6 33. Bg7 Nd6 34.
f4 exf4+ 35. gxf4 c5 36. c3 c6 37. Kd3 b5 38. Be5 c4+ 39. bxc4 Nxc4 40. Bc7 1-0

[Event "OHS 2017"]
[Site "?"]
[Date "2017.02.20"]
[Round "4.2"]
[White "Müller-Kreth, Kai"]
[Black "Hahn, Matthias"]
[Result "1/2-1/2"]
[WhiteElo "1774"]
[BlackElo "2050"]
[PlyCount "95"]
[EventDate "2017.??.??"]
[WhiteTeam "SK Sodingen/Castrop 24/23 e.V."]
[BlackTeam "SV Bochum-Linden-Dahlh"]

1. d4 d5 2. Nf3 e6 3. Bf4 Nf6 4. e3 c5 5. c3 Nc6 6. h3 Bd6 7. Bxd6 Qxd6 8. Nbd2
O-O 9. Bd3 e5 10. dxe5 Nxe5 11. Nxe5 Qxe5 12. Nf3 Qe7 13. O-O b6 14. Qc2 Bb7
15. Rfe1 Rad8 16. Rad1 g6 17. Qe2 Kg7 18. Bc2 Bc6 19. Bd3 Rd6 20. Bb5 Bb7 21.
Ba6 Ba8 22. Bd3 Rfd8 23. Bc2 Bc6 24. Bd3 Ne4 25. Qc2 h6 26. Be2 Bd7 27. Bd3 Ng5
28. Nxg5 Qxg5 29. f4 Qf6 30. Qf2 Bf5 31. Rd2 Bxd3 32. Rxd3 Re8 33. Rd2 Re4 34.
Qf3 Qe7 35. Rde2 Rde6 36. g3 d4 37. cxd4 cxd4 38. Kf2 dxe3+ 39. Kg2 Qc5 40. b3
a5 41. g4 f5 42. Kg3 Qd4 43. Kg2 Re7 44. Rc1 Rf7 45. Rc4 Qd6 46. Rxe4 fxe4 47.
Qxe3 Re7 48. Rd2 1/2-1/2

[Event "OHS 2017"]
[Site "?"]
[Date "2017.02.20"]
[Round "4.3"]
[White "Nowok, Frank"]
[Black "Schmidt, Ralph"]
[Result "0-1"]
[WhiteElo "1902"]
[BlackElo "1946"]
[PlyCount "98"]
[EventDate "2017.??.??"]
[WhiteTeam "Hervest-Dorstener SK 195"]
[BlackTeam "SV Bochum-Linden-Dahlh"]

1. c4 c5 2. g3 Nc6 3. Bg2 b6 4. Nc3 Bb7 5. e3 Qc8 6. Nf3 Ne5 7. d3 Nf6 8. O-O
Ng6 9. a3 e6 10. e4 Be7 11. Ng5 d6 12. Bh3 h6 13. Nf3 Qd8 14. b4 Nh7 15. Rb1
Ng5 16. Bg2 Bf6 17. Ne2 e5 18. Be3 Bc8 19. Nd2 Bh3 20. f4 Bxg2 21. Kxg2 exf4
22. gxf4 Nh7 23. Kh1 Qd7 24. Rg1 Qc6 25. Ng3 Ne7 26. Nf3 g6 27. Rg2 Qc8 28. d4
cxb4 29. e5 Bg7 30. exd6 Nf5 31. Nxf5 Qxf5 32. axb4 Qe6 33. c5 O-O 34. Qd2 Nf6
35. Ne5 Rfd8 36. Rf1 Qd5 37. f5 g5 38. Qf2 Ne4 39. Qf3 Bxe5 40. dxe5 Qxe5 41.
Bxg5 hxg5 42. Re1 Nd2 43. Rxg5+ Kf8 44. Reg1 Qxh2+ 45. Kxh2 Nxf3+ 46. Kh3 Nxg1+
47. Rxg1 bxc5 48. bxc5 Rac8 49. Rc1 Rxd6 0-1

[Event "OHS 2017"]
[Site "?"]
[Date "2017.02.20"]
[Round "4.4"]
[White "Sondermann, Dirk"]
[Black "Kiese, Matthias"]
[Result "0-1"]
[WhiteElo "1768"]
[BlackElo "2175"]
[PlyCount "86"]
[EventDate "2017.??.??"]
[WhiteTeam "Sport Union Annen e.V."]
[BlackTeam "Bochumer SV 02"]

1. d4 d5 2. c4 e6 3. Nc3 Nf6 4. cxd5 exd5 5. Bg5 Be7 6. e3 c6 7. Qc2 Nbd7 8.
Bd3 Nf8 9. Nge2 Ne6 10. Bh4 g6 11. O-O O-O 12. Rae1 b6 13. f3 Bb7 14. Bf2 Rc8
15. Nf4 Nxf4 16. exf4 Nh5 17. Qd2 f5 18. Re2 Bd6 19. g3 Qd7 20. Rfe1 Rfe8 21.
Rxe8+ Rxe8 22. Rxe8+ Qxe8 23. Qe2 Qxe2 24. Nxe2 c5 25. b3 Kf7 26. g4 Ng7 27.
Be3 c4 28. bxc4 Ba6 29. Ng3 dxc4 30. Bc2 Bc8 31. Kf2 b5 32. h3 Bd7 33. d5 a5
34. Ne2 b4 35. Nd4 a4 36. Nc6 b3 37. Bb1 c3 38. Ne5+ Ke8 39. Bd4 c2 40. Bxc2
bxc2 41. Bb2 Bb5 42. Ke3 Kf8 43. Kd2 Ne8 0-1

[Event "OHS 2017"]
[Site "?"]
[Date "2017.02.20"]
[Round "4.5"]
[White "Wingerning, Gerd"]
[Black "Scheibe, Werner"]
[Result "0-1"]
[WhiteElo "1749"]
[BlackElo "1850"]
[PlyCount "62"]
[EventDate "2017.??.??"]
[WhiteTeam "SC Buer-Hassel 1919 e.V."]
[BlackTeam "SK Sodingen/Castrop 24/23 e.V."]

1. e4 c5 2. c3 e6 3. d4 d5 4. e5 Nc6 5. Nf3 Qb6 6. a3 Bd7 7. Be2 f6 8. b4 cxd4
9. cxd4 fxe5 10. dxe5 Nge7 11. Bd3 g6 12. Bb2 Bg7 13. O-O O-O 14. Nbd2 Nf5 15.
Nb3 Qd8 16. Qe2 Rc8 17. b5 Na5 18. Nxa5 Qxa5 19. a4 Qd8 20. Ba3 Rf7 21. Rfc1
Bh6 22. Rc2 b6 23. Bb4 Bf8 24. Bc3 Bc5 25. Rac1 Nh4 26. Nxh4 Qxh4 27. Be1 Rcf8
28. Ra1 Bxf2+ 29. Kh1 Qd4 30. Rca2 Bxe1 31. Rxe1 Rf2 0-1

[Event "OHS 2017"]
[Site "?"]
[Date "2017.02.20"]
[Round "4.6"]
[White "Ewers, Christian"]
[Black "Zygan, Michael"]
[Result "1-0"]
[WhiteElo "1721"]
[BlackElo "1768"]
[PlyCount "95"]
[EventDate "2017.??.??"]
[WhiteTeam "SG Mengede 1922"]
[BlackTeam "SK Sodingen/Castrop 24/23 e.V."]

1. e4 c6 2. d4 d5 3. e5 Bf5 4. Nc3 e6 5. g4 Bg6 6. Nge2 c5 7. h4 h5 8. Nf4 Bh7
9. Nxh5 Nc6 10. Be3 cxd4 11. Bxd4 Bxc2 12. Qxc2 Nxd4 13. Qa4+ Nc6 14. Bb5 Qb6
15. O-O-O Nge7 16. f4 O-O-O 17. Kb1 Ng6 18. Rc1 Kb8 19. Bd3 Qe3 20. Bb5 Rc8 21.
Ne2 Qb6 22. Rh3 Bc5 23. Rb3 Na5 24. Rbc3 Be3 25. Rxc8+ Rxc8 26. Rxc8+ Kxc8 27.
Nxg7 Nxh4 28. Ne8 Ng2 29. Nd6+ Kb8 30. Bd3 Nc6 31. Nxf7 Qc5 32. a3 d4 33. f5
Ne1 34. Qc4 Nxd3 35. Qxd3 Qe7 36. fxe6 Qxe6 37. Qf5 Qc4 38. Nd6 Qg8 39. e6 Kc7
40. Nc4 Kd8 41. Qf6+ Ne7 42. Nxd4 Bg5 43. Qe5 Qg6+ 44. Ka2 Qd3 45. Qb8+ Nc8 46.
Nd6 Qxd4 47. Qxc8+ Ke7 48. Nf5+ 1-0

[Event "OHS 2017"]
[Site "?"]
[Date "2017.02.20"]
[Round "4.7"]
[White "Klüting, Reiner"]
[Black "Barth, Hans-Joachim"]
[Result "1-0"]
[WhiteElo "1869"]
[BlackElo "1702"]
[PlyCount "26"]
[EventDate "2017.??.??"]
[WhiteTeam "SV Wattenscheid 1930 e"]
[BlackTeam "SG Höntrop 1947"]

1. e4 g6 2. d4 Bg7 3. Nf3 d6 4. Bc4 a6 5. O-O b5 6. Bb3 Bb7 7. a4 Bxe4 8. Bxf7+
Kxf7 9. Ng5+ Ke8 10. Nxe4 Nd7 11. Ng5 Nf8 12. Qf3 Nh6 13. axb5 a5 1-0

[Event "OHS 2017"]
[Site "?"]
[Date "2017.02.20"]
[Round "4.8"]
[White "Ponto, Michael"]
[Black "Melmer, Felix"]
[Result "0-1"]
[WhiteElo "1665"]
[BlackElo "1908"]
[PlyCount "92"]
[EventDate "2017.??.??"]
[WhiteTeam "SV Unser Fritz Wanne-E"]
[BlackTeam "SC Gerthe 46 - Werne"]

1. c4 f5 2. Nc3 Nf6 3. Nf3 d6 4. d4 g6 5. g3 Bg7 6. Bg2 O-O 7. O-O Qe8 8. Qb3
c6 9. Bf4 Na6 10. Rad1 Nh5 11. Bc1 Kh8 12. e4 e5 13. dxe5 dxe5 14. Rfe1 f4 15.
gxf4 Nxf4 16. Bxf4 Rxf4 17. Nd2 Nc5 18. Qc2 Qf8 19. f3 Ne6 20. Ne2 Rh4 21. Nf1
Nd4 22. Nxd4 exd4 23. Qf2 Rf4 24. Rxd4 Bxd4 25. Qxd4+ Kg8 26. Qe3 Be6 27. b3 a5
28. Ng3 Rf7 29. Ne2 c5 30. Nc3 Ra6 31. Rd1 Bd7 32. Nd5 a4 33. Rb1 axb3 34. axb3
Be6 35. Rf1 Ra2 36. Nc3 Ra3 37. Nd5 Qc8 38. Qc3 Ra2 39. Rd1 Qd8 40. Qe5 Qh4 41.
Rf1 Rxg2+ 42. Kxg2 Bh3+ 43. Kg1 Bxf1 44. Qe8+ Kg7 45. Qe5+ Kh6 46. Ne3 Bh3 0-1

[Event "OHS 2017"]
[Site "?"]
[Date "2017.02.20"]
[Round "4.10"]
[White "Boxberg, Marc"]
[Black "Funke, Eckhard"]
[Result "1/2-1/2"]
[WhiteElo "1604"]
[BlackElo "1819"]
[PlyCount "25"]
[EventDate "2017.??.??"]
[WhiteTeam "SVigung Marten-Bövingh"]
[BlackTeam "SV Günnigfeld 1922 e.V"]

1. e4 d5 2. exd5 Qxd5 3. Nc3 Qd6 4. d4 Nf6 5. Nf3 c6 6. h3 Bf5 7. Bd3 Bxd3 8.
Qxd3 e6 9. O-O Nbd7 10. Ne4 Nxe4 11. Qxe4 Nf6 12. Qe5 Qxe5 13. dxe5 1/2-1/2

[Event "OHS 2017"]
[Site "?"]
[Date "2017.02.20"]
[Round "4.11"]
[White "Wübker, Paul-Luca"]
[Black "Engelmann, Chris"]
[Result "1-0"]
[WhiteElo "1792"]
[BlackElo "1603"]
[PlyCount "47"]
[EventDate "2017.??.??"]
[WhiteTeam "SG Bochum 1931"]
[BlackTeam "SV Unser Fritz Wanne-E"]

1. d4 d5 2. c4 e6 3. Nc3 Nf6 4. Bg5 Be7 5. cxd5 exd5 6. e3 c6 7. Bd3 O-O 8. h3
Nbd7 9. Qc2 Re8 10. Nf3 Nf8 11. O-O Be6 12. Rfb1 b6 13. b4 a5 14. b5 c5 15.
dxc5 bxc5 16. Rd1 c4 17. Bf5 Qd7 18. Bxe6 fxe6 19. a4 Qc7 20. Nd4 Bd6 21. Nc6
N6d7 22. e4 Nb8 23. exd5 exd5 24. Nxd5 1-0